|
|
|
|
| LEADER |
00925nab#a2200313#ar4500 |
| 001 |
000116721 |
| 003 |
SVKKK |
| 005 |
20160212103616.0 |
| 008 |
040621c2015 xr e cze |
| FMT |
|
|
|
| 038 |
|
|
|a SVKKK
|
| 040 |
|
|
|a SVKKK
|b slo
|e AACR2
|
| 041 |
0 |
|
|a cze
|
| 044 |
|
|
|a xr
|c CZ
|
| 080 |
|
|
|a 929 Kačová, Veronika
|2 2008
|
| 080 |
|
|
|a 821.214.58
|2 2008
|
| 100 |
1 |
|
|a Kačová, Veronika
|4 aut
|
| 245 |
1 |
0 |
|a Vánoční příběh o Luně, černých slzách, černé růži a kouzelné moci Vánoc
|c Veronika Kačová
|
| 600 |
1 |
4 |
|a Kačová, Veronika
|x speváčka, tanečnica
|d 1990-
|z Nový Jičín (Česko)
|
| 650 |
0 |
4 |
|a próza
|x literatúra rómska
|x texty
|
| 773 |
0 |
|
|t Romano hangos / Romský hlas
|g Roč. 17, č. 18 (2015), s. 6
|
| 958 |
|
|
|a RQ
|
| 958 |
|
|
|a BC
|
| 974 |
|
|
|a Fav
|
| 992 |
|
|
|a RBX
|
| BAS |
|
|
|
| 856 |
4 |
1 |
|u http://www.srnm.cz/images/PDF/RH/2015/RH1815.pdf
|
| 852 |
|
|
|a SVKKK
|b BIB
|
| 998 |
|
|
|a ROM
|